[Event "CZE-chT1E 2425"]
[Site "Czech Republic"]
[Date "2025.03.22"]
[Round "10.4"]
[White "Slepov, Kyryl"]
[Black "Tajovsky, Martin"]
[Result "0-1"]
[WhiteElo "2143"]
[BlackElo "2212"]
[PlyCount "50"]
[EventDate "2024.10.20"]
[EventType "team-tourn"]
[EventRounds "11"]
[EventCountry "CZE"]
[SourceTitle "CB16_2025"]
[SourceDate "2025.04.16"]
[SourceVersion "1"]
[SourceVersionDate "2025.04.16"]
[SourceQuality "1"]
[WhiteTeam "Jundrov Jezdci"]
[BlackTeam "Brno Duras"]
[WhiteTeamCountry "CZE"]
[BlackTeamCountry "CZE"]

1. b3 d5 2. Bb2 Bg4 3. h3 Bh5 4. Nf3 Bxf3 5. gxf3 Nf6 6. e3 g6 7. f4 Bg7 8. Qf3 c6 9. Nc3 Nbd7 10. d4 Qa5 11. Bd3 a6 12. 0-0 e6 13. a3 0-0 14. b4 Qc7 15. Na4 b5 16. Nc5 a5 17. Bc3 axb4 18. Bxb4 Nxc5 19. Bxc5 Rfb8 20. Qe2 Bf8 21. Bb4 Ra4 22. c3 Rba8 23. Qb2 Qa7 24. Bc2 Ra6 25. Rfb1 Bxb4 0-1

[Event "CZE-chT1E 2324"]
[Site "Czech Republic"]
[Date "2024.01.21"]
[Round "6.5"]
[White "Slepov, Kyryl"]
[Black "Tajovsky, Martin"]
[Result "0-1"]
[WhiteElo "2062"]
[BlackElo "2212"]
[PlyCount "120"]
[EventDate "2023.10.22"]
[EventType "team-tourn"]
[EventRounds "11"]
[EventCountry "CZE"]
[SourceTitle "EXT 2025"]
[Source "ChessBase"]
[SourceDate "2024.10.14"]
[SourceVersion "1"]
[SourceVersionDate "2024.10.14"]
[SourceQuality "1"]
[WhiteTeam "Jundrov Jezdci"]
[BlackTeam "Brno Duras"]
[WhiteTeamCountry "CZE"]
[BlackTeamCountry "CZE"]

1. d4 Nf6 2. c4 e6 3. g3 d5 4. Bg2 Be7 5. Nf3 0-0 6. 0-0 dxc4 7. Qc2 a6 8. a4 Nc6 9. Qxc4 Qd5 10. Nbd2 Rd8 11. e3 Rb8 12. Qxd5 exd5 13. Nb3 Bf5 14. Bd2 Ne4 15. Rfc1 Rbc8 16. Be1 h6 17. Bf1 Ra8 18. Be2 Bd6 19. Nh4 Bh7 20. f3 Ng5 21. Ng2 Ne6 22. Bd2 Re8 23. Kf2 Re7 24. Ne1 Rae8 25. Bf1 g5 26. Nd3 Bg6 27. Nbc5 Nxc5 28. Nxc5 Nd8 29. b4 Bf5 30. b5 a5 31. Rc3 Kg7 32. Rac1 f6 33. Rb3 b6 34. Nd3 Ne6 35. Nb2 h5 36. Nd1 Nf8 37. Nc3 Be6 38. Bg2 Rd7 39. f4 Be7 40. Na2 Bd8 41. Rc6 Bg8 42. Nc1 Ng6 43. Nd3 g4 44. h3 Ne7 45. Rc1 Nf5 46. Nb2 Rde7 47. Rh1 Bf7 48. hxg4 hxg4 49. Nd1 Nxd4 50. Rd3 Ne6 51. Rh4 Nc5 52. Rxg4+ Kf8 53. Ra3 Bh5 54. Rh4 Bxd1 55. Ke1 Bxa4 56. Bxd5 Bxb5 57. g4 Rg7 58. Bf3 Ne4 59. Bc1 Be7 60. Bxe4 Bb4+ 0-1

[Event "Brno op 12th"]
[Site "Brno"]
[Date "2023.11.15"]
[Round "6"]
[White "Slepov, Kyryl"]
[Black "Wu, Yixing"]
[Result "0-1"]
[WhiteElo "2078"]
[BlackElo "2307"]
[PlyCount "58"]
[EventDate "2023.11.11"]
[EventType "swiss"]
[EventRounds "9"]
[EventCountry "CZE"]
[SourceTitle "CBM 217 Extra"]
[Source "ChessBase"]
[SourceDate "2024.01.31"]
[SourceVersion "1"]
[SourceVersionDate "2024.01.31"]
[SourceQuality "1"]

1. d4 Nf6 2. c4 e6 3. g3 d5 4. Bg2 Bb4+ 5. Bd2 a5 6. Nf3 dxc4 7. a3 Bxd2+ 8. Nbxd2 b5 9. b3 cxb3 10. Qxb3 c6 11. 0-0 0-0 12. Rfc1 Bb7 13. Qb2 Nbd7 14. Ne1 Rc8 15. Nd3 Ba8 16. e4 Nb6 17. Rab1 Na4 18. Qa1 c5 19. Rxb5 cxd4 20. Rxc8 Qxc8 21. Rxa5 Nc3 22. f3 Nd7 23. Qb2 Qc7 24. Nb3 Qb6 25. Nb4 d3+ 26. Kf1 Nd1 27. Qd4 Ne3+ 28. Kf2 Qxd4 29. Nxd4 d2 0-1

[Event "Brno op 12th"]
[Site "Brno"]
[Date "2023.11.14"]
[Round "4"]
[White "Slepov, Kyryl"]
[Black "Husek, Martin"]
[Result "1-0"]
[WhiteElo "2078"]
[BlackElo "2245"]
[PlyCount "31"]
[EventDate "2023.11.11"]
[EventType "swiss"]
[EventRounds "9"]
[EventCountry "CZE"]
[SourceTitle "CBM 217 Extra"]
[Source "ChessBase"]
[SourceDate "2024.01.31"]
[SourceVersion "1"]
[SourceVersionDate "2024.01.31"]
[SourceQuality "1"]

1. d4 f5 2. Nc3 Nf6 3. Bg5 g6 4. h4 Bg7 5. h5 Nxh5 6. Rxh5 gxh5 7. Nd5 Nc6 8. e3 0-0 9. Qxh5 d6 10. Bb5 Kh8 11. Ne2 Be6 12. 0-0-0 Bxd5 13. Rh1 Bg8 14. Nf4 Bxd4 15. exd4 Qe8 16. Qh6 1-0

[Event "Brno op 12th"]
[Site "Brno"]
[Date "2023.11.13"]
[Round "3"]
[White "Gil, Arthur"]
[Black "Slepov, Kyryl"]
[Result "0-1"]
[WhiteElo "1929"]
[BlackElo "2078"]
[PlyCount "107"]
[EventDate "2023.11.11"]
[EventType "swiss"]
[EventRounds "9"]
[EventCountry "CZE"]
[SourceTitle "CBM 217 Extra"]
[Source "ChessBase"]
[SourceDate "2024.01.31"]
[SourceVersion "1"]
[SourceVersionDate "2024.01.31"]
[SourceQuality "1"]

1. e4 e5 2. d4 exd4 3. Nf3 Nc6 4. Nxd4 Nf6 5. Nxc6 bxc6 6. e5 Qe7 7. Qe2 Nd5 8. c4 Ba6 9. f4 f6 10. exf6 Nxf6 11. Nc3 d5 12. Bd2 d4 13. Na4 c5 14. 0-0-0 Bb7 15. Qd3 Qd7 16. Re1+ Kf7 17. b3 Bd6 18. Re5 Bxe5 19. Nxc5 Qc6 20. Nxb7 Bd6 21. Nxd6+ Qxd6 22. g4 Rae8 23. Bg2 Nxg4 24. Bd5+ Kf8 25. Rg1 Nf6 26. Qxd4 c5 27. Qd3 Re7 28. h4 h5 29. Rg5 Rh6 30. Re5 Nxd5 31. Rxd5 Qe6 32. f5 Qc6 33. Rd8+ Kf7 34. Bxh6 Qxh6+ 35. Kc2 Qc6 36. Rd5 Qf6 37. Qf3 Qxh4 38. Rd2 Qe4+ 39. Qxe4 Rxe4 40. Rh2 h4 41. Kd3 Rg4 42. a3 a5 43. Re2 Rg3+ 44. Ke4 Kf6 45. b4 cxb4 46. axb4 axb4 47. c5 Rc3 48. Kd5 Kxf5 49. Rf2+ Kg5 50. Rg2+ Kh6 51. Rg4 g5 52. Rxb4 h3 53. c6 h2 54. Rb8 0-1

[Event "South Moravia Region-chT 2223"]
[Site "Czech Republic"]
[Date "2023.02.26"]
[Round "9.1"]
[White "Havel, Jan"]
[Black "Slepov, Kyryl"]
[Result "0-1"]
[WhiteElo "1623"]
[BlackElo "2071"]
[PlyCount "90"]
[EventDate "2022.10.09"]
[EventType "team-tourn"]
[EventRounds "11"]
[EventCountry "CZE"]
[SourceTitle "EXT 2024"]
[Source "ChessBase"]
[SourceDate "2023.10.10"]
[SourceVersion "1"]
[SourceVersionDate "2023.10.10"]
[SourceQuality "1"]

1. d4 Nf6 2. Bf4 d5 3. e3 c5 4. Nf3 Nc6 5. c3 Qb6 6. Qb3 c4 7. Qxb6 axb6 8. Be2 Bf5 9. Nbd2 b5 10. Ne5 e6 11. Nxc6 bxc6 12. a3 b4 13. 0-0 bxc3 14. bxc3 Be7 15. a4 0-0 16. Bc7 Rfc8 17. Bb6 Nd7 18. a5 Rab8 19. g4 Bg6 20. f4 f5 21. Rfb1 fxg4 22. Ba7 Rxb1+ 23. Nxb1 Ra8 24. Bc5 Nxc5 25. dxc5 Bxc5 26. Kf2 Rb8 27. Nd2 Rb2 28. Nf1 h5 29. Ke1 Rc2 30. a6 Ba7 31. Ra3 Kf8 32. Kd1 Rb2 33. Ra1 Ke7 34. Ke1 Kd6 35. Kd1 Kc7 36. Ke1 Kb8 37. Nd2 Bxe3 38. Nf1 Bxf4 39. a7+ Ka8 40. Ra6 Be5 41. Rxc6 Bxc3+ 42. Kf2 Bd4+ 43. Ne3 Bd3 44. Rc8+ Kxa7 45. Rc7+ Kb6 0-1

[Event "CZE-chT2E 2223"]
[Site "Czech Republic"]
[Date "2023.02.05"]
[Round "8.4"]
[White "Cermak, Jan1"]
[Black "Slepov, Kyryl"]
[Result "0-1"]
[WhiteElo "1961"]
[BlackElo "2071"]
[PlyCount "118"]
[EventDate "2022.10.16"]
[EventType "team-tourn"]
[EventRounds "11"]
[EventCountry "CZE"]
[SourceTitle "EXT 2024"]
[Source "ChessBase"]
[SourceDate "2023.10.10"]
[SourceVersion "1"]
[SourceVersionDate "2023.10.10"]
[SourceQuality "1"]
[WhiteTeam "Vyskov"]
[BlackTeam "Jundrov Jezdci II"]
[WhiteTeamCountry "CZE"]
[BlackTeamCountry "CZE"]

1. e4 e5 2. Nf3 Nc6 3. Bb5 Nf6 4. 0-0 Nxe4 5. d4 Nd6 6. Bxc6 dxc6 7. dxe5 Nf5 8. Qxd8+ Kxd8 9. Bf4 Be7 10. Nc3 h6 11. h3 g5 12. Bh2 Be6 13. b3 c5 14. Rad1+ Kc8 15. Nd5 Bd8 16. c4 b6 17. Nd2 Kb7 18. Ne4 Nd4 19. Rd2 a5 20. f4 Kc6 21. Nec3 Rg8 22. g4 gxf4 23. Nxf4 Bg5 24. Rd3 Bxf4 25. Bxf4 h5 26. g5 a4 27. h4 axb3 28. axb3 Rgd8 29. Rg3 Ra3 30. Rb1 Nf5 31. Rh3 Ne7 32. Rf3 Bg4 33. Rf2 Rd3 34. Bc1 Ra8 35. Bb2 Be6 36. Rbf1 Ng6 37. Rf3 Rad8 38. Nd5 Rxf3 39. Rxf3 Nxh4 40. Rf6 Kb7 41. Bc3 Rg8 42. Bd2 Ng6 43. Nf4 Nxe5 44. Nxe6 fxe6 45. Kg2 Rg6 46. Rf8 Nc6 47. Rh8 Nd4 48. Rxh5 Nxb3 49. Bf4 Na5 50. Be5 Nxc4 51. Bf6 Nd6 52. Kf3 Ne8 53. Be7 Rg7 54. Bd8 Kc8 55. Bf6 Nxf6 56. gxf6 Rg6 57. Rh8+ Kd7 58. Rf8 Rg5 59. Ke4 Rf5 0-1

[Event "CZE-chT1E 2223"]
[Site "Czech Republic"]
[Date "2023.01.15"]
[Round "6.2"]
[White "Slepov, Kyryl"]
[Black "Zpevakova, Jana"]
[Result "0-1"]
[WhiteElo "2071"]
[BlackElo "2085"]
[PlyCount "22"]
[EventDate "2022.10.08"]
[EventType "team-tourn"]
[EventRounds "11"]
[EventCountry "CZE"]
[SourceTitle "CBM 213 Extra"]
[Source "ChessBase"]
[SourceDate "2023.05.31"]
[SourceVersion "1"]
[SourceVersionDate "2023.05.31"]
[SourceQuality "1"]
[WhiteTeam "Jundrov Jezdci"]
[BlackTeam "Stare Mesto"]
[WhiteTeamCountry "CZE"]
[BlackTeamCountry "CZE"]

1. d4 Nf6 2. c4 e6 3. g3 d5 4. Bg2 c5 5. Nf3 Nbd7 6. Nc3 Nb6 7. Bf4 Nxc4 8. 0-0 cxd4 9. Nb5 Nd6 10. Qa4 Nxb5 11. Nxd4 Bd7 0-1

[Event "CZE-chT2E 2122"]
[Site "Czech Republic"]
[Date "2022.03.20"]
[Round "10.3"]
[White "Slepov, Kyryl"]
[Black "Majer, Jiri"]
[Result "0-1"]
[WhiteElo "2028"]
[BlackElo "2223"]
[PlyCount "114"]
[EventDate "2021.10.17"]
[EventType "team-tourn"]
[EventRounds "11"]
[EventCountry "CZE"]
[SourceTitle "EXT 2024"]
[Source "ChessBase"]
[SourceDate "2023.10.10"]
[SourceVersion "1"]
[SourceVersionDate "2023.10.10"]
[SourceQuality "1"]
[WhiteTeam "Jundrov Jezdci"]
[BlackTeam "Kurim"]
[WhiteTeamCountry "CZE"]
[BlackTeamCountry "CZE"]

1. c4 Nf6 2. g3 g6 3. Bg2 Bg7 4. Nc3 0-0 5. d3 d6 6. Rb1 c5 7. a3 Nc6 8. b4 cxb4 9. axb4 a5 10. bxa5 Nxa5 11. Nh3 Bd7 12. 0-0 Bc6 13. e4 Nd7 14. Nd5 Nc5 15. Be3 e6 16. Nb4 Ba4 17. Qe2 Nab3 18. Nc2 Qc7 19. Ng5 Rab8 20. d4 Na6 21. d5 exd5 22. cxd5 Nac5 23. Qg4 h6 24. Nf3 Rbe8 25. Nfd4 Bd7 26. Qh4 g5 27. Qh5 Nxd4 28. Nxd4 Nxe4 29. Ne6 Bxe6 30. Bxe4 f5 31. Bg2 Bf7 32. Qd1 Bg6 33. Bd4 Bxd4 34. Qxd4 f4 35. Rb3 Re7 36. Rc3 Qd7 37. Rfc1 Qf5 38. Qb6 Qe5 39. Rc8 Ref7 40. Rxf8+ Rxf8 41. Qxb7 fxg3 42. hxg3 Qd4 43. Rc8 Qxf2+ 44. Kh2 Rxc8 45. Qxc8+ Qf8 46. Qe6+ Kg7 47. Kg1 Qf6 48. Qd7+ Bf7 49. Kh2 Qe5 50. Qc7 h5 51. Qc4 h4 52. Qg4 Qxg3+ 53. Qxg3 hxg3+ 54. Kxg3 Bh5 55. Bh3 Kf6 56. Be6 Ke5 57. Bg8 Bd1 0-1

[Event "CZE-ch Amateur"]
[Site "Luhacovice"]
[Date "2022.03.17"]
[Round "7"]
[White "Toman, Jan"]
[Black "Slepov, Kyryl"]
[Result "0-1"]
[WhiteElo "2127"]
[BlackElo "2064"]
[PlyCount "66"]
[EventDate "2022.03.12"]
[EventType "swiss"]
[EventRounds "9"]
[EventCountry "CZE"]
[SourceTitle "EXT 2023"]
[Source "ChessBase"]
[SourceDate "2022.10.05"]
[SourceVersion "1"]
[SourceVersionDate "2022.10.05"]
[SourceQuality "1"]

1. Nf3 Nf6 2. g3 e6 3. Bg2 d5 4. d3 Be7 5. Nbd2 0-0 6. e4 c5 7. e5 Nfd7 8. 0-0 Nc6 9. Re1 Qc7 10. Qe2 b5 11. Nf1 a5 12. h4 a4 13. a3 b4 14. h5 Nd4 15. Nxd4 cxd4 16. h6 g6 17. Bf4 bxa3 18. Bxd5 Ra5 19. Bxe6 fxe6 20. bxa3 Rc5 21. Qg4 Rf5 22. Nd2 Nxe5 23. Qe2 Bb7 24. Ne4 Rxc2 25. Qd1 g5 26. Bxe5 Rxe5 27. Rb1 Bxe4 28. dxe4 Qc3 29. Qh5 Bf8 30. Red1 Qc6 31. Rxd4 Rxf2 32. Re1 Qc2 33. Qh3 Bc5 0-1

[Event "Ceske Budejovice op"]
[Site "Ceske Budejovice"]
[Date "2021.07.08"]
[Round "8"]
[White "Slepov, Kyryl"]
[Black "Zelbova, Lada"]
[Result "1-0"]
[WhiteElo "2050"]
[BlackElo "1939"]
[PlyCount "59"]
[EventDate "2021.07.01"]
[EventType "swiss"]
[EventRounds "9"]
[EventCountry "CZE"]
[SourceTitle "CBM 203 Extra"]
[Source "ChessBase"]
[SourceDate "2021.09.30"]
[SourceVersion "1"]
[SourceVersionDate "2021.09.30"]
[SourceQuality "1"]

1. e4 c5 2. Nf3 d6 3. d4 cxd4 4. Nxd4 Nf6 5. Nc3 a6 6. Bg5 e6 7. f4 Be7 8. Qf3 Nbd7 9. 0-0-0 Qc7 10. g4 h6 11. Bxf6 Bxf6 12. h4 Nb6 13. g5 Bxd4 14. Rxd4 Qc5 15. Rd2 Bd7 16. Be2 Ke7 17. Qg2 Nc4 18. Bxc4 Qxc4 19. gxh6 gxh6 20. f5 Qc5 21. Rhd1 Qe5 22. Rxd6 Bc6 23. Qd2 Rag8 24. fxe6 fxe6 25. Rd7+ Ke8 26. Rxb7 Qf6 27. Rc7 Rg2 28. Rc8+ Ke7 29. Rc7+ Ke8 30. Qd6 1-0

[Event "Ceske Budejovice op"]
[Site "Ceske Budejovice"]
[Date "2021.07.04"]
[Round "4"]
[White "Slepov, Kyryl"]
[Black "Hiermann, Dietmar"]
[Result "0-1"]
[WhiteElo "2050"]
[BlackElo "2236"]
[PlyCount "85"]
[EventDate "2021.07.01"]
[EventType "swiss"]
[EventRounds "9"]
[EventCountry "CZE"]
[SourceTitle "CBM 203 Extra"]
[Source "ChessBase"]
[SourceDate "2021.09.30"]
[SourceVersion "1"]
[SourceVersionDate "2021.09.30"]
[SourceQuality "1"]

1. e4 e5 2. Nf3 Nc6 3. Bb5 a6 4. Ba4 Nf6 5. 0-0 b5 6. Bb3 Bc5 7. d3 d6 8. a4 Rb8 9. axb5 axb5 10. c3 Bg4 11. Re1 0-0 12. Nbd2 h6 13. Nf1 b4 14. Ba4 Ne7 15. Ng3 bxc3 16. bxc3 Qc8 17. Be3 Bb6 18. Qd2 Bxe3 19. Qxe3 Ng6 20. d4 Rb2 21. Rab1 Rxb1 22. Rxb1 Qa8 23. Bd1 Rb8 24. Rxb8+ Qxb8 25. Qc1 Qa7 26. h3 Bxf3 27. Bxf3 Qa2 28. Nf5 Nf4 29. Qe3 Qa5 30. Kh2 Kh7 31. g3 Ne6 32. Bg2 Ng8 33. Qd3 g6 34. Ne3 Qa2 35. f3 Nf6 36. dxe5 dxe5 37. h4 Qf2 38. Nd1 Qe1 39. Qc2 g5 40. hxg5 Nxg5 41. Nf2 Nh5 42. Qb2 Qe3 43. Ng4 0-1

[Event "Ceske Budejovice op"]
[Site "Ceske Budejovice"]
[Date "2021.07.02"]
[Round "2"]
[White "Slepov, Kyryl"]
[Black "Bachofner, Andreas"]
[Result "1-0"]
[WhiteElo "2050"]
[BlackElo "2220"]
[PlyCount "81"]
[EventDate "2021.07.01"]
[EventType "swiss"]
[EventRounds "9"]
[EventCountry "CZE"]
[SourceTitle "CBM 203 Extra"]
[Source "ChessBase"]
[SourceDate "2021.09.30"]
[SourceVersion "1"]
[SourceVersionDate "2021.09.30"]
[SourceQuality "1"]

1. e4 e6 2. d4 d5 3. Nd2 Nf6 4. e5 Nfd7 5. Bd3 c5 6. c3 Nc6 7. Ne2 cxd4 8. cxd4 f6 9. exf6 Nxf6 10. Nf3 Bd6 11. 0-0 Qc7 12. g3 0-0 13. Bf4 Bxf4 14. Nxf4 Ne4 15. Re1 Rxf4 16. gxf4 Qxf4 17. Bxe4 dxe4 18. Ne5 Nxe5 19. dxe5 Qg5+ 20. Kh1 b6 21. Qd6 Qf5 22. Qd8+ Qf8 23. Qxf8+ Kxf8 24. Rac1 Bb7 25. Rc7 Bd5 26. Kg1 Kg8 27. Rec1 Bxa2 28. Ra1 Bd5 29. Raxa7 Rxa7 30. Rxa7 b5 31. b4 h5 32. Kf1 Kh7 33. Ke2 Kh6 34. Ke3 g5 35. Ra5 Bc6 36. Ra6 Bd5 37. Rb6 Kg6 38. Rxb5 Kf5 39. Rxd5 exd5 40. Kd4 Ke6 41. b5 1-0

[Event "Pardubice Czech op-A 31st"]
[Site "Pardubice"]
[Date "2020.09.26"]
[Round "7"]
[White "Slepov, Kyryl"]
[Black "Terziev, Dimo"]
[Result "0-1"]
[WhiteElo "2005"]
[BlackElo "2157"]
[PlyCount "64"]
[EventDate "2020.09.21"]
[EventType "swiss"]
[EventRounds "9"]
[EventCountry "CZE"]
[SourceTitle "CBM 198 Extra"]
[Source "ChessBase"]
[SourceDate "2020.11.30"]
[SourceVersion "1"]
[SourceVersionDate "2020.11.30"]
[SourceQuality "1"]

1. e4 c5 2. Nf3 d6 3. Bb5+ Bd7 4. Bxd7+ Nxd7 5. 0-0 Ngf6 6. Qe2 e6 7. c3 Be7 8. d4 cxd4 9. cxd4 0-0 10. Nc3 Nb6 11. Rd1 Rc8 12. h3 h6 13. e5 Nfd5 14. Ne4 Qd7 15. a3 Rfd8 16. Ng3 dxe5 17. Nxe5 Qe8 18. Be3 Nf6 19. Re1 Nbd5 20. Rad1 Bd6 21. Bc1 Qa4 22. Nh5 Rc7 23. Rd3 Nxh5 24. Qxh5 Nf6 25. Qf3 Kh7 26. Bf4 Qa5 27. Red1 Qd5 28. Qe2 Rdc8 29. Re3 Rc2 30. Rd2 Rc1+ 31. Rd1 Qxd4 32. Red3 Rxd1+ 0-1

[Event "Pardubice Czech op-A 31st"]
[Site "Pardubice"]
[Date "2020.09.24"]
[Round "4"]
[White "Siekanski, Janusz"]
[Black "Slepov, Kyryl"]
[Result "1-0"]
[WhiteElo "2184"]
[BlackElo "2005"]
[PlyCount "95"]
[EventDate "2020.09.21"]
[EventType "swiss"]
[EventRounds "9"]
[EventCountry "CZE"]
[SourceTitle "CBM 198 Extra"]
[Source "ChessBase"]
[SourceDate "2020.11.30"]
[SourceVersion "1"]
[SourceVersionDate "2020.11.30"]
[SourceQuality "1"]

1. d4 d5 2. c4 e6 3. Nc3 Nf6 4. cxd5 exd5 5. Bg5 c6 6. Qc2 Be7 7. e3 0-0 8. Bd3 Nbd7 9. Nge2 Re8 10. 0-0 Nf8 11. f3 g6 12. Bh4 Ne6 13. Rad1 b5 14. Kh1 Bb7 15. Bf2 Rc8 16. a3 a6 17. b4 a5 18. Qb1 axb4 19. axb4 Ra8 20. e4 dxe4 21. fxe4 Ng4 22. Bg1 Bg5 23. Rf3 Qe7 24. h3 Nh6 25. Rff1 Red8 26. e5 Ng7 27. Ng3 Bh4 28. Nce4 Nhf5 29. Nxf5 Nxf5 30. Rxf5 gxf5 31. Nd6 Bc8 32. Rf1 Rxd6 33. exd6 Qxd6 34. Bxf5 Bxf5 35. Qxf5 Qg6 36. d5 cxd5 37. Qxd5 Rd8 38. Qxb5 Rd2 39. Qb7 Bf6 40. b5 Be5 41. b6 Kg7 42. Qf3 Rb2 43. Re1 f6 44. Rd1 Rb1 45. Qb7+ Kh6 46. Be3+ Kh5 47. Qf3+ Kh4 48. Bf2+ 1-0

[Event "Anti Cheating Blitz Cup"]
[Site "Chess.com INT"]
[Date "2020.05.20"]
[Round "5"]
[White "Sepehrkhoui, Ardeshir"]
[Black "Slepov, Kyryl"]
[Result "1-0"]
[WhiteElo "2237"]
[BlackElo "1983"]
[PlyCount "121"]
[EventDate "2020.05.20"]
[EventType "swiss (blitz)"]
[EventRounds "11"]
[EventCountry "USA"]
[SourceTitle "CBM 196 Extra"]
[Source "ChessBase"]
[SourceDate "2020.07.31"]
[SourceVersion "1"]
[SourceVersionDate "2020.07.31"]
[SourceQuality "1"]

1. Nf3 d5 2. g3 Nf6 3. Bg2 e6 4. 0-0 Be7 5. d3 0-0 6. Nbd2 c5 7. e4 Nc6 8. Re1 dxe4 9. dxe4 Qc7 10. c3 Rd8 11. Qc2 b6 12. Nc4 Bb7 13. Bf4 Qc8 14. Rad1 h6 15. Bd6 Rd7 16. Bxe7 Rxe7 17. Nd6 Qc7 18. Nxb7 Qxb7 19. Nd2 e5 20. Nc4 Rd8 21. Ne3 Red7 22. Nd5 Ne8 23. Bh3 Rd6 24. Rd2 Ne7 25. Red1 Nxd5 26. exd5 Qe7 27. Qa4 Nf6 28. Bg2 Ne8 29. Qe4 Rg6 30. Re1 Qg5 31. Rdd1 f6 32. h4 Qg4 33. Qc2 Nd6 34. Kh2 Qf5 35. Qe2 h5 36. Bh3 Rg4 37. f3 Rxh4 38. gxh4 Qf4+ 39. Kh1 Qxh4 40. Qh2 Qf4 41. Be6+ Kf8 42. Qxf4 exf4 43. Kg2 g5 44. Rh1 h4 45. Kf2 Kg7 46. b3 Nb5 47. Rd3 Rd6 48. a4 Nc7 49. Re1 Kg6 50. c4 f5 51. Re5 Kf6 52. Rxf5+ Kg7 53. Re5 Kf6 54. Rf5+ Kg6 55. Rd1 Nxe6 56. Rg1 Nd4 57. Rgxg5+ Kh6 58. Rh5+ Kg6 59. Rfg5+ Kf6 60. Rg4 Nf5 61. Rxf4 1-0

[Event "CZE-ch Juniors FIDE op"]
[Site "Kouty nad Desnou"]
[Date "2020.03.09"]
[Round "4"]
[White "Slepov, Kyryl"]
[Black "Kucera, Tomas2"]
[Result "1-0"]
[WhiteElo "1973"]
[BlackElo "1889"]
[PlyCount "99"]
[EventDate "2020.03.07"]
[EventType "swiss"]
[EventRounds "7"]
[EventCountry "CZE"]
[SourceTitle "CBM 195 Extra"]
[Source "ChessBase"]
[SourceDate "2020.05.31"]
[SourceVersion "1"]
[SourceVersionDate "2020.05.31"]
[SourceQuality "1"]

1. e4 c5 2. Nf3 Nc6 3. c4 g6 4. d4 cxd4 5. Nxd4 Nxd4 6. Qxd4 Nf6 7. Nc3 d6 8. Be2 Bg7 9. 0-0 0-0 10. Qe3 Be6 11. Bd2 Nd7 12. f4 Qb6 13. Qxb6 Nxb6 14. b3 Bd4+ 15. Kh1 f5 16. Bf3 fxe4 17. Bxe4 Rab8 18. Rae1 Bd7 19. a4 e5 20. a5 Na8 21. Ne2 Nc7 22. Nxd4 exd4 23. Bb4 Rf6 24. Rd1 Bc6 25. Rxd4 Ne6 26. Bd5 Bxd5 27. Rxd5 Nxf4 28. Rxd6 Rbf8 29. Rxf6 Rxf6 30. g3 Nd5 31. Rxf6 Nxf6 32. Kg2 Kf7 33. Kf3 Ke6 34. Bc3 Nd7 35. Bd4 a6 36. Ke4 Nb8 37. b4 Nc6 38. Bc3 Ne7 39. g4 Ng8 40. Kd4 Nf6 41. g5 Nd7 42. Bd2 Ne5 43. Kc5 Kd7 44. Kd5 Nf3 45. Bf4 Ne1 46. Ke4 Ke6 47. h3 Nc2 48. Bd2 Na3 49. Kd3 Kf5 50. Bc1 1-0

[Event "CZE-ch Juniors FIDE op"]
[Site "Kouty nad Desnou"]
[Date "2020.03.08"]
[Round "2"]
[White "Slepov, Kyryl"]
[Black "Dejmal, Ondrej"]
[Result "0-1"]
[WhiteElo "1973"]
[BlackElo "1757"]
[PlyCount "114"]
[EventDate "2020.03.07"]
[EventType "swiss"]
[EventRounds "7"]
[EventCountry "CZE"]
[SourceTitle "CBM 195 Extra"]
[Source "ChessBase"]
[SourceDate "2020.05.31"]
[SourceVersion "1"]
[SourceVersionDate "2020.05.31"]
[SourceQuality "1"]

1. e4 e5 2. Nf3 Nc6 3. Bb5 a6 4. Ba4 Nf6 5. d3 b5 6. Bb3 Be7 7. 0-0 0-0 8. Re1 d6 9. c3 Na5 10. Bc2 c5 11. Nbd2 Be6 12. Nf1 Qc7 13. Ne3 Rfc8 14. Bd2 Qb7 15. Nf5 c4 16. d4 Bxf5 17. exf5 e4 18. Ng5 d5 19. f3 h6 20. Nh3 Bd6 21. Nf2 exf3 22. Qxf3 Re8 23. g4 Qc7 24. h4 Bg3 25. g5 Nh5 26. Kg2 Bf4 27. Bxf4 Nxf4+ 28. Kf1 h5 29. a4 Nc6 30. b3 b4 31. bxc4 bxc3 32. Qxc3 dxc4 33. Qxc4 Qd6 34. Be4 Rec8 35. Rac1 Nxd4 36. Qxc8+ Rxc8 37. Rxc8+ Kh7 38. Rd1 Qe5 39. Rb1 Nxf5 40. Rb7 Ng6 41. Bd3 Nd6 42. Rcc7 Nxb7 43. Rxb7 Kg8 44. Bxa6 Qa1+ 45. Kg2 Qxa4 46. Rb8+ Kh7 47. Bd3 Qxh4 48. Rb5 Kg8 49. Rb8+ Kh7 50. Rb5 Kg8 51. Rb8+ Kh7 52. Rb5 Qd4 53. Kf3 h4 54. Be4 Qc3+ 55. Nd3 h3 56. Kg3 Qd4 57. Nf2 Qe3+ 0-1

[Event "CZE-chT2E 1920"]
[Site "Czech Republic"]
[Date "2020.02.23"]
[Round "9.7"]
[White "Slepov, Kyryl"]
[Black "Kubat, Pavel"]
[Result "1-0"]
[WhiteElo "1994"]
[BlackElo "1933"]
[PlyCount "89"]
[EventDate "2019.10.13"]
[EventType "team-tourn"]
[EventRounds "11"]
[EventCountry "CZE"]
[SourceTitle "EXT 2024"]
[Source "ChessBase"]
[SourceDate "2023.10.10"]
[SourceVersion "1"]
[SourceVersionDate "2023.10.10"]
[SourceQuality "1"]
[WhiteTeam "Jundrov Jezdci"]
[BlackTeam "Orechov Orel"]
[WhiteTeamCountry "CZE"]
[BlackTeamCountry "CZE"]

1. e4 c5 2. Nf3 d6 3. d4 cxd4 4. Nxd4 Nf6 5. f3 e5 6. Bb5+ Bd7 7. Bxd7+ Qxd7 8. Nf5 h6 9. Nc3 g6 10. Ne3 Nc6 11. 0-0 Be7 12. Ned5 g5 13. Be3 Nd8 14. Qd2 Nxd5 15. Nxd5 b6 16. a4 Nb7 17. Rfd1 Bd8 18. Bf2 Rc8 19. Ne3 Be7 20. Nf5 Bf8 21. c3 Rg8 22. Bg3 Qe6 23. b4 f6 24. Ne3 h5 25. Qd3 Rg7 26. Nd5 Nd8 27. a5 Rb7 28. axb6 axb6 29. Bf2 Rc6 30. Ra8 Be7 31. Rda1 b5 32. R1a5 Rc8 33. R8a7 Rxa7 34. Rxa7 Nc6 35. Nc7+ Rxc7 36. Rxc7 Nd8 37. Qxb5+ Kf8 38. Qd5 Ke8 39. b5 Qxd5 40. exd5 Nf7 41. b6 Bd8 42. Rc8 Kd7 43. b7 Bc7 44. Ba7 e4 45. Rxc7+ 1-0